Statistics for 2016 AFL Premiership Team

Click here to take the quiz!

General Stats

  • This quiz has been taken 319 times
  • The average score is 16 of 24

Answer Stats

HintAnswer% Correct
2016 Premiership TeamWestern Bulldogs
95%
CentreMarcus Bontempelli
94%
Back PocketMatthew Boyd
91%
Full ForwardTom Boyd
91%
Half Forward FlankJackson Macrae
86%
CoachLuke Beveridge
85%
Half BackEaston Wood
77%
RoverTom Liberatore
74%
Back PocketJason Johannisen
72%
WingLiam Picken
72%
Half Forward FlankJake Stringer
71%
RuckJordan Roughead
68%
InterchangeCaleb Daniel
65%
Forward PocketClay Smith
62%
InterchangeJosh Dunkley
62%
WingLachie Hunter
62%
Forward PocketTory Dickson
61%
Centre Half BackDale Morris
58%
Centre Half ForwardZaine Cordy
57%
InterchangeToby McLean
55%
Full BackJoel Hamling
53%
InterchangeFletcher Roberts
46%
Ruck RoverLuke Dahlhaus
46%
Half BackShane Biggs
44%

Score Distribution

Percentile by Number Answered

Percent of People with Each Score

Your Score History

You have not taken this quiz